| 000 | 00000nam##2200000za#4500 |
| 001 | 9.698062 |
| 003 | CaOODSP |
| 005 | 20210927150508 |
| 007 | cr ||||||||||| |
| 008 | 150407|2001||||xxc|||||o f|0| 0 eng|d |
| 040 | |aCaOODSP|beng |
| 043 | |an-cn--- |
| 086 | 1 |aR2-184/2001E-PDF |
| 110 | 1 |aCanada. |bIndian and Northern Affairs Canada. |
| 245 | 10|aYukon Northern Affairs Program Devolution Transfer Agreement |h[electronic resource] |
| 260 | |aOttawa - Ontario : |bIndian and Northern Affairs |cOctober 2001. |
| 300 | |a227p.|btables |
| 500 | |a"Made this 29th day of October 2001 between: the Government of Canada as represented by the Minister of Indian Affairs and Northern Development (hereinafter referred to as "Canada") and the Government of the Yukon as represented by the Government Leader (hereinafter referred to as "the YTG")"--T.p. |
| 520 | 3 |aThis devolution transfer agreement of October 29, 2001 sets out the terms and conditions for the transfer to the Government of the Yukon of responsibility for several areas previously under federal jurisdiction. These areas include the authority to make laws and regulations with respect to public land and waters, the power to negotiate First Nations settlement and self-government agreements, the management of forest resources and responsibility for various environmental matters. The agreement provides for an orderly process for the transfer of finances, human resources and properties, assets and contracts. |
| 590 | |a13-15-Supp|b2013-06-24 |
| 690 | 07|aDevolution|2gcpds |
| 690 | 07|aFederal provincial agreements|2gcpds |
| 690 | 07|aNorthern Canada|2gcpds |
| 690 | 07|aProvincial governments|2gcpds |
| 775 | 08|tAccord de transfert au Yukon d'attributions relevant du Programme des affaires du Nord / |w(CaOODSP)9.642058 |
| 776 | 0#|tYukon Northern Affairs Program Devolution Transfer Agreement between the government of Canada and the government of the Yukon |w(CaOODSP)9.648378 |
| 856 | 40|ahttp://publications.gc.ca|qPDF|s883 KB|uhttps://publications.gc.ca/collections/Collection/R2-184-2001E.pdf |